[Event "Gelsenkirchen Koenigsspringer op"]
[Site "Gelsenkirchen"]
[Date "2019.12.28"]
[Round "3"]
[White "Krauss, Joerg"]
[Black "Deno, Thomas"]
[Result "1-0"]
[WhiteElo "1677"]
[BlackElo "1354"]
[PlyCount "61"]
[EventDate "2019.12.27"]
[EventType "swiss"]
[EventRounds "7"]
[EventCountry "GER"]
[SourceTitle "CBM 194 Extra"]
[Source "ChessBase"]
[SourceDate "2020.03.31"]
[SourceVersion "1"]
[SourceVersionDate "2020.03.31"]
[SourceQuality "1"]

1. e4 d6 2. d4 Nf6 3. Nc3 g6 4. f4 Bg7 5. h3 0-0 6. Nf3 c5 7. Be3 Nbd7 8. Qd2 cxd4 9. Bxd4 b6 10. Bd3 Bb7 11. 0-0 e5 12. Be3 Nc5 13. Bxc5 bxc5 14. Rad1 Qe7 15. fxe5 dxe5 16. Qe3 Nh5 17. Kh2 Rad8 18. Bc4 Nf4 19. g3 Ne6 20. Nd5 Bxd5 21. Rxd5 Rxd5 22. Bxd5 Nd4 23. c3 Ne6 24. Nd2 Qg5 25. Qf2 Bh6 26. Nc4 Qh5 27. Nd6 g5 28. Nf5 g4 29. h4 Ng5 30. Ne7+ Kg7 31. Qf6# 1-0

[Event "Ruhrgebiet Verbandsliga Gruppe 1 1516"]
[Site "Germany"]
[Date "2015.09.27"]
[Round "2.8"]
[White "Krauss, Joerg"]
[Black "Huettemann, Karl Heinz"]
[Result "0-1"]
[WhiteElo "1464"]
[BlackElo "2064"]
[PlyCount "66"]
[EventDate "2015.09.06"]
[EventType "team-tourn"]
[EventRounds "9"]
[EventCountry "GER"]
[SourceTitle "EXT 2022"]
[Source "ChessBase"]
[SourceDate "2021.10.06"]
[SourceVersion "1"]
[SourceVersionDate "2021.10.06"]
[SourceQuality "1"]
[WhiteTeam "Holsterhausen SK"]
[BlackTeam "Dortmund SV"]
[WhiteTeamCountry "GER"]
[BlackTeamCountry "GER"]

1. e4 c5 2. Nf3 Nf6 3. Nc3 d5 4. Bb5+ Bd7 5. Qe2 dxe4 6. Bxd7+ Qxd7 7. Nxe4 Nxe4 8. Qxe4 Nc6 9. 0-0 e6 10. b3 Be7 11. Bb2 0-0 12. Qg4 Nd4 13. Bxd4 cxd4 14. d3 Rac8 15. Rac1 Rfd8 16. Ne5 Qc7 17. Qe2 Ba3 18. Nf3 Bxc1 19. Rxc1 Qf4 20. Qd1 Rd5 21. Rb1 Rdc5 22. Rb2 b5 23. Ne1 h6 24. Rb1 Qc7 25. Rb2 e5 26. Qe2 b4 27. Qd2 Rb5 28. Nf3 Qc3 29. Qc1 Qxd3 30. Nd2 Rbc5 31. Nc4 Qc3 32. Rb1 a5 33. Rb2 Rxc4 0-1